000
00299nam a2200133Ia 4500
008
100328s9999 xx 000 0 und d
082
_b
59446
100
_a
Koontz Dean R.
245
_a
Mr Murder.
260
_b
Headline Feature.
630
_a
Mr Murder.
730
_a
Mr Murder.
942
_c
BOOK
999
_c
545674
_d
545671